000 00597nam a2200217Ii 4500
003 JO-AjNU
008 230606s9999||||xx |||||||||||||| ||und||
020 _a978-0-13-13626-8
040 _aJO-AjNU
_beng
_erda
_cJO-AjNU
041 _aeng
050 1 4 _aT385.H54.2007
100 3 _aKelley,Stephen/hill,
_eauthor
_93949
245 0 0 _acomputer Graphics using opengl
250 _a3 ed
264 3 1 _aNew Jersy:pearson,2010
300 _a774p
336 _atext
_btxt
_2rdacontent
337 _aunmediated
_bn
_2rdamedia
338 _avolume
_bnc
_2rdacarrier
650 4 _aComputer Graphics
_93950
999 _aE2058
_c2057
_d2057